[Event "Tata Steel-B 86th"]
[Site "Wijk aan Zee"]
[Date "2024.01.26"]
[Round "11"]
[White "Beukema, Stefan"]
[Black "Niemann, Hans Moke"]
[Result "0-1"]
[WhiteElo "2428"]
[BlackElo "2692"]
[PlyCount "66"]
[EventDate "2024.01.13"]
[EventType "tourn"]
[EventRounds "13"]
[EventCountry "NED"]
[EventCategory "13"]
[SourceTitle "CB05_2024"]
[SourceDate "2024.01.31"]
[SourceVersion "1"]
[SourceVersionDate "2024.01.31"]
[SourceQuality "1"]

1. c4 e5 2. g3 c6 3. Nf3 e4 4. Nd4 d5 5. cxd5 Qxd5 6. Nc2 Nf6 7. Nc3 Qe5 8. Bg2 Be7 9. Ne3 Na6 10. Qc2 Nb4 11. Qb1 Nbd5 12. Nxe4 Nxe3 13. dxe3 Bf5 14. Nxf6+ Qxf6 15. e4 Bb4+ 16. Kf1 Be6 17. Bf4 0-0-0 18. Qc2 Rd4 19. e5 Qe7 20. b3 Rhd8 21. h4 h6 22. Bf3 Bd2 23. e3 Rd3 24. h5 Qd7 25. Be2 Bf5 26. Qc5 b6 27. Qc4 b5 28. Qc5 Rc3 29. Qa3 a5 30. Rd1 Rc2 31. b4 Qd5 32. e4 Qxe4 33. f3 Qxe2+ 0-1

[Event "Tata Steel-B 86th"]
[Site "Wijk aan Zee"]
[Date "2024.01.18"]
[Round "5"]
[White "L'Ami, Erwin"]
[Black "Beukema, Stefan"]
[Result "1-0"]
[WhiteElo "2627"]
[BlackElo "2428"]
[PlyCount "41"]
[EventDate "2024.01.13"]
[EventType "tourn"]
[EventRounds "13"]
[EventCountry "NED"]
[EventCategory "13"]
[SourceTitle "CB05_2024"]
[SourceDate "2024.01.31"]
[SourceVersion "1"]
[SourceVersionDate "2024.01.31"]
[SourceQuality "1"]

1. d4 d5 2. c4 c6 3. Nc3 Nf6 4. cxd5 cxd5 5. Bf4 Nc6 6. e3 a6 7. Be2 Qb6 8. a3 Bf5 9. Na4 Qd8 10. Nf3 Ne4 11. 0-0 e6 12. Ne5 Nxe5 13. Bxe5 f6 14. Bg3 b5 15. Nc3 Bd6 16. Nxe4 Bxe4 17. Rc1 0-0 18. Qd2 Rf7 19. Rc6 Bf8 20. Rxe6 a5 21. Bxb5 1-0

[Event "Tata Steel-B 86th"]
[Site "Wijk aan Zee"]
[Date "2024.01.14"]
[Round "2"]
[White "Beukema, Stefan"]
[Black "Roebers, Eline"]
[Result "1-0"]
[WhiteElo "2428"]
[BlackElo "2381"]
[PlyCount "81"]
[EventDate "2024.01.13"]
[EventType "tourn"]
[EventRounds "13"]
[EventCountry "NED"]
[EventCategory "13"]
[SourceTitle "CB05_2024"]
[SourceDate "2024.01.31"]
[SourceVersion "1"]
[SourceVersionDate "2024.01.31"]
[SourceQuality "1"]

1. d4 Nf6 2. g3 g6 3. Bg2 c5 4. dxc5 Qa5+ 5. Nc3 Qxc5 6. e4 Bg7 7. Nge2 0-0 8. 0-0 d6 9. Be3 Qc7 10. h3 Nc6 11. Qd2 Ne5 12. Qc1 Bd7 13. b3 Rfc8 14. Qa3 Qb8 15. f4 Nc6 16. Nd5 b5 17. Rad1 b4 18. Qc1 Qb5 19. Qd2 Nxd5 20. exd5 Nd8 21. Nd4 Qa5 22. f5 Rc7 23. Rf2 Rac8 24. Rdf1 Bb5 25. Nxb5 Qxb5 26. Be4 Rc3 27. Kh2 Be5 28. Rf3 Qe8 29. Qf2 f6 30. fxg6 hxg6 31. Bxa7 f5 32. Bd3 Nf7 33. Be3 R3c7 34. Rxf5 gxf5 35. Qxf5 e6 36. dxe6 Nh8 37. Bh6 Ra8 38. Qg4+ Bg7 39. Rf7 Rxf7 40. exf7+ Qxf7 41. Bc4 1-0

[Event "Dieren op"]
[Site "Dieren"]
[Date "2023.07.27"]
[Round "3"]
[White "Beukema, Stefan"]
[Black "Schoppen, Casper"]
[Result "0-1"]
[WhiteElo "2435"]
[BlackElo "2498"]
[PlyCount "82"]
[EventDate "2023.07.25"]
[EventType "swiss"]
[EventRounds "9"]
[EventCountry "NED"]
[SourceTitle "CBM 215 Extra"]
[Source "ChessBase"]
[SourceDate "2023.09.30"]
[SourceVersion "1"]
[SourceVersionDate "2023.09.30"]
[SourceQuality "1"]

1. e4 c6 2. d4 d5 3. Nc3 dxe4 4. Nxe4 Nf6 5. Nxf6+ exf6 6. Be3 Bd6 7. Bd3 0-0 8. Ne2 f5 9. Qd2 Na6 10. c3 Nc7 11. Ng3 g6 12. 0-0 Be6 13. c4 Re8 14. b3 a5 15. Rfd1 Bb4 16. Qc1 Bf8 17. Be2 Bg7 18. Bf3 a4 19. Rb1 axb3 20. Rxb3 Qc8 21. d5 Bd7 22. Qb1 Be5 23. Ne2 cxd5 24. cxd5 Bd6 25. Rb6 Rxe3 26. fxe3 Qf8 27. Rxb7 Qh6 28. g3 Qxe3+ 29. Kg2 g5 30. Rd3 Qe5 31. Kf1 g4 32. Bg2 Re8 33. Nc3 f4 34. Rb2 f3 35. Bxf3 gxf3 36. Rxf3 Bh3+ 37. Rg2 Nxd5 38. Kg1 Nxc3 39. Qb3 Qe1+ 40. Rf1 Bc5+ 41. Rgf2 Qxf1# 0-1

[Event "NED-chT 2223"]
[Site "Netherlands"]
[Date "2023.04.22"]
[Round "9.2"]
[White "Lombaers, Peter"]
[Black "Beukema, Stefan"]
[Result "1/2-1/2"]
[WhiteElo "2352"]
[BlackElo "2399"]
[PlyCount "177"]
[EventDate "2022.09.17"]
[EventType "team-tourn"]
[EventRounds "9"]
[EventCountry "NED"]
[SourceTitle "EXT 2024"]
[Source "ChessBase"]
[SourceDate "2023.10.10"]
[SourceVersion "1"]
[SourceVersionDate "2023.10.10"]
[SourceQuality "1"]
[WhiteTeam "Paul Keres"]
[BlackTeam "De Stukkenjagers"]
[WhiteTeamCountry "NED"]
[BlackTeamCountry "NED"]

1. d4 f5 2. c4 Nf6 3. Nf3 g6 4. g3 Bg7 5. Bg2 d6 6. 0-0 0-0 7. Nc3 c6 8. d5 Bd7 9. Rb1 a5 10. Nd4 Qc8 11. Re1 Na6 12. e4 Nc5 13. exf5 Bxf5 14. dxc6 Bxb1 15. cxb7 Nxb7 16. Rxe7 Nc5 17. Bxa8 Qxa8 18. Nxb1 Nfe4 19. f3 Bf6 20. Rxe4 Nxe4 21. fxe4 Qxe4 22. Nc2 Qxc4 23. b3 Qe4 24. Nba3 d5 25. Be3 h5 26. Nb5 h4 27. Nbd4 Be5 28. Bf2 h3 29. Qf1 Bxd4 30. Nxd4 Rc8 31. Ne2 Rc2 32. Nf4 Rxa2 33. Qe1 Qxe1+ 34. Bxe1 d4 35. Nxh3 d3 36. Bc3 Ra3 37. Bd2 Ra2 38. Bc3 Rc2 39. Bxa5 d2 40. Nf2 Rb2 41. Kf1 Kf7 42. Nd1 Rxb3 43. Bxd2 Kf6 44. Ke2 Kf5 45. Nf2 Ra3 46. Be3 Ke5 47. Kf3 Kf5 48. h4 Ke5 49. Nh3 Kf5 50. Nf4 Ra4 51. g4+ Kf6 52. Bc1 Ra2 53. Nd3 Kg7 54. Bb2+ Kh6 55. Bf6 Ra3 56. Ke3 Ra4 57. Bg5+ Kg7 58. Bf4 Kh7 59. g5 Ra1 60. Ne5 Ra3+ 61. Kf2 Kg7 62. Nf3 Kf7 63. Kg3 Kg7 64. Kg4 Ra4 65. Ne5 Ra1 66. Nd7 Ra4 67. Nf6 Rb4 68. h5 gxh5+ 69. Nxh5+ Kg6 70. Ng3 Rb5 71. Ne2 Rb2 72. Nd4 Rg2+ 73. Kh4 Rf2 74. Kg3 Rf1 75. Nf3 Kh5 76. Be3 Ra1 77. Kf4 Ra3 78. Bd2 Rd3 79. Be3 Ra3 80. Ke4 Ra2 81. Bf4 Rg2 82. Kf5 Rg4 83. Bc1 Rg3 84. Ke4 Rg4+ 85. Bf4 Rg2 86. Ke5 Rg4 87. Kf5 Rg2 88. Ne5 Rxg5+ 89. Bxg5 1/2-1/2

[Event "Tata Steel Qualifier 85th"]
[Site "Wijk aan Zee"]
[Date "2023.01.27"]
[Round "7"]
[White "Beukema, Stefan"]
[Black "Martins, Vinicius Tine"]
[Result "1-0"]
[WhiteElo "2411"]
[BlackElo "2320"]
[PlyCount "75"]
[EventDate "2023.01.20"]
[EventType "tourn"]
[EventRounds "9"]
[EventCountry "NED"]
[EventCategory "5"]
[SourceTitle "CBM 212 Extra"]
[Source "ChessBase"]
[SourceDate "2023.03.31"]
[SourceVersion "1"]
[SourceVersionDate "2023.03.31"]
[SourceQuality "1"]

1. f4 d5 2. Nf3 Nf6 3. g3 c6 4. Bg2 Qb6 5. Nc3 g6 6. e3 Bg7 7. 0-0 0-0 8. Kh1 Nbd7 9. d3 Ng4 10. Qe1 e5 11. h3 d4 12. hxg4 dxc3 13. bxc3 Qa5 14. d4 exf4 15. gxf4 Nb6 16. g5 h6 17. e4 hxg5 18. fxg5 Qa4 19. Rf2 Be6 20. Bf4 Nd7 21. e5 Kh7 22. Nd2 Rh8 23. Ne4 Kg8+ 24. Kg1 Kf8 25. Nd6 Rb8 26. Qf1 Ke7 27. Be3 Rhf8 28. c4 Nb6 29. d5 cxd5 30. Bc5 Kd7 31. cxd5 Nxd5 32. c4 Bxe5 33. cxd5 Qh4 34. dxe6+ fxe6 35. Rf7+ Rxf7 36. Qxf7+ Kd8 37. Qe8+ Kc7 38. Qe7# 1-0

[Event "Tata Steel Qualifier 85th"]
[Site "Wijk aan Zee"]
[Date "2023.01.21"]
[Round "2"]
[White "De Winter, Arthur"]
[Black "Beukema, Stefan"]
[Result "1-0"]
[WhiteElo "2371"]
[BlackElo "2411"]
[PlyCount "37"]
[EventDate "2023.01.20"]
[EventType "tourn"]
[EventRounds "9"]
[EventCountry "NED"]
[EventCategory "5"]
[SourceTitle "CBM 212 Extra"]
[Source "ChessBase"]
[SourceDate "2023.03.31"]
[SourceVersion "1"]
[SourceVersionDate "2023.03.31"]
[SourceQuality "1"]

1. e4 e5 2. Nf3 Nc6 3. d4 exd4 4. Bc4 Bc5 5. Ng5 Nh6 6. Nxf7 Nxf7 7. Bxf7+ Kxf7 8. Qh5+ g6 9. Qxc5 d6 10. Qb5 Re8 11. 0-0 Qf6 12. Nd2 a6 13. Qd3 Be6 14. Nf3 d5 15. Ng5+ Kg8 16. Bd2 Rad8 17. Rfe1 Kg7 18. Qg3 Ne5 19. Nxh7 1-0

[Event "BEL-chT 2122"]
[Site "Belgium"]
[Date "2022.04.24"]
[Round "11.2"]
[White "Wemmers, Xander"]
[Black "Beukema, Stefan"]
[Result "1/2-1/2"]
[WhiteElo "2383"]
[BlackElo "2411"]
[PlyCount "91"]
[EventDate "2021.10.24"]
[EventType "team-tourn"]
[EventRounds "11"]
[EventCountry "BEL"]
[SourceTitle "EXT 2023"]
[Source "ChessBase"]
[SourceDate "2022.10.05"]
[SourceVersion "1"]
[SourceVersionDate "2022.10.05"]
[SourceQuality "1"]
[WhiteTeam "Borgerhout"]
[BlackTeam "Brasschaat"]
[WhiteTeamCountry "BEL"]
[BlackTeamCountry "BEL"]

1. d4 f5 2. Bg5 h6 3. Bh4 g5 4. e3 Nf6 5. Bg3 d6 6. Nc3 Bg7 7. h4 g4 8. h5 c6 9. Nge2 Qa5 10. Qd2 b5 11. f3 0-0 12. Nf4 e5 13. Ng6 exd4 14. exd4 Re8+ 15. Ne2 Qc7 16. 0-0-0 Nbd7 17. Bf4 Nb6 18. Ng3 Nc4 19. Bxc4+ bxc4 20. Qb4 c3 21. bxc3 Nd5 22. Bxd6 Qf7 23. Qc5 Ne3 24. Rde1 Qxa2 25. Rxe3 Rxe3 26. Kd2 Re8 27. Ne7+ Kh8 28. Re1 Qf7 29. Qxc6 Be6 30. d5 Bxd5 31. Qxd5 Bxc3+ 32. Kxc3 Qxd5 33. Nxd5 Rxe1 34. Nxf5 gxf3 35. gxf3 Re6 36. Nf4 Rc8+ 37. Kd4 Rxd6+ 38. Nxd6 Rxc2 39. Ke5 a5 40. Nd5 a4 41. Nb5 Rb2 42. Ndc3 Rb3 43. Kd4 a3 44. Kc4 a2 45. Nxa2 Rxf3 46. Nac3 1/2-1/2

[Event "BEL-chT 2122"]
[Site "Belgium"]
[Date "2022.02.20"]
[Round "8.2"]
[White "Wantiez, Fabrice"]
[Black "Beukema, Stefan"]
[Result "0-1"]
[WhiteElo "2281"]
[BlackElo "2411"]
[PlyCount "60"]
[EventDate "2021.10.24"]
[EventType "team-tourn"]
[EventRounds "11"]
[EventCountry "BEL"]
[SourceTitle "EXT 2023"]
[Source "ChessBase"]
[SourceDate "2022.10.05"]
[SourceVersion "1"]
[SourceVersionDate "2022.10.05"]
[SourceQuality "1"]
[WhiteTeam "Montigny Fontaine"]
[BlackTeam "Brasschaat"]
[WhiteTeamCountry "BEL"]
[BlackTeamCountry "BEL"]

1. e4 e5 2. Nf3 Nc6 3. Bb5 a6 4. Ba4 Nf6 5. Nc3 b5 6. Bb3 Be7 7. a4 b4 8. Nd5 Bb7 9. d3 Na5 10. Nxe7 Nxb3 11. Nf5 Nxa1 12. Nxg7+ Kf8 13. Bh6 Kg8 14. Nxe5 d6 15. Nh5 Nxc2+ 16. Kf1 dxe5 17. Qf3 Nxe4 18. dxe4 f5 19. Qb3+ Bd5 20. exd5 Qd6 21. Bg7 Nd4 22. Qc4 Kf7 23. f4 Rhd8 24. Bxe5 Qxd5 25. Qxc7+ Rd7 26. Qb6 Qc4+ 27. Kf2 Qe2+ 28. Kg3 Rg8+ 29. Ng7 Rxg7+ 30. Bxg7 Qe3+ 0-1

[Event "EU-chT 23rd"]
[Site "Terme Catez"]
[Date "2021.11.12"]
[Round "1.11"]
[White "Beukema, Stefan"]
[Black "Ter Sahakyan, Samvel"]
[Result "0-1"]
[WhiteElo "2408"]
[BlackElo "2615"]
[PlyCount "90"]
[EventDate "2021.11.12"]
[EventType "team-swiss"]
[EventRounds "9"]
[EventCountry "SLO"]
[SourceTitle "CBM 205"]
[Source "ChessBase"]
[SourceDate "2021.12.31"]
[SourceVersion "1"]
[SourceVersionDate "2021.12.31"]
[SourceQuality "1"]
[WhiteTeam "Belgium"]
[BlackTeam "Armenia"]
[WhiteTeamCountry "BEL"]
[BlackTeamCountry "ARM"]

1. e4 c5 2. Nf3 d6 3. d4 cxd4 4. Nxd4 Nf6 5. Nc3 a6 6. h3 e5 7. Nde2 h5 8. g3 Be7 9. a4 Nc6 10. Bg2 Nb4 11. 0-0 Be6 12. f4 Rc8 13. Be3 Qd7 14. Kh2 h4 15. f5 Bc4 16. g4 d5 17. exd5 Nbxd5 18. Bf2 Nxc3 19. Nxc3 Bxf1 20. Qxf1 Qc7 21. Kh1 Bc5 22. g5 Nh5 23. Nd5 Qd8 24. Bxh4 Nf4 25. Nxf4 Rxh4 26. Re1 Kf8 27. Rxe5 Rxf4 28. Qxf4 Bd6 29. f6 gxf6 30. gxf6 Bxe5 31. Qxe5 Rxc2 32. Qg5 Qd1+ 33. Kh2 Qd6+ 34. Kh1 Rxb2 35. Qg7+ Ke8 36. Qg8+ Qf8 37. Qh7 Rb6 38. Bxb7 Rxf6 39. Qd3 Qe7 40. Bg2 Qe1+ 41. Kh2 Qe5+ 42. Kh1 Qa1+ 43. Kh2 Qxa4 44. Qd5 Qf4+ 45. Kh1 Re6 0-1

[Event "BEL-ch"]
[Site "Bruges"]
[Date "2021.08.21"]
[Round "8"]
[White "Dardha, Daniel"]
[Black "Beukema, Stefan"]
[Result "1/2-1/2"]
[WhiteElo "2506"]
[BlackElo "2387"]
[PlyCount "41"]
[EventDate "2021.08.14"]
[EventType "tourn"]
[EventRounds "9"]
[EventCountry "BEL"]
[EventCategory "7"]
[SourceTitle "CBM 203 Extra"]
[Source "ChessBase"]
[SourceDate "2021.09.30"]
[SourceVersion "1"]
[SourceVersionDate "2021.09.30"]
[SourceQuality "1"]

1. e4 e5 2. Nf3 Nc6 3. Nc3 Nf6 4. d4 exd4 5. Nxd4 Bb4 6. Nxc6 bxc6 7. Bd3 d5 8. exd5 cxd5 9. 0-0 0-0 10. Bg5 c6 11. Qf3 Be7 12. Rfe1 Be6 13. h3 Rb8 14. Na4 h6 15. Bf4 Bd6 16. Bxd6 Qxd6 17. Qe3 Nd7 18. Rad1 c5 19. b3 Rfe8 20. c3 Kf8 21. Qc1 1/2-1/2

[Event "BEL-ch"]
[Site "Bruges"]
[Date "2021.08.20"]
[Round "7"]
[White "Beukema, Stefan"]
[Black "Fontaine, Quentin"]
[Result "1-0"]
[WhiteElo "2387"]
[BlackElo "2324"]
[PlyCount "89"]
[EventDate "2021.08.14"]
[EventType "tourn"]
[EventRounds "9"]
[EventCountry "BEL"]
[EventCategory "7"]
[SourceTitle "CBM 203 Extra"]
[Source "ChessBase"]
[SourceDate "2021.09.30"]
[SourceVersion "1"]
[SourceVersionDate "2021.09.30"]
[SourceQuality "1"]

1. f4 c5 2. Nf3 Nc6 3. g3 Nf6 4. d3 g6 5. Bg2 Bg7 6. 0-0 0-0 7. c3 d6 8. e4 Rb8 9. a4 a6 10. h3 b5 11. axb5 axb5 12. g4 Bb7 13. Be3 Ra8 14. Nbd2 Rxa1 15. Qxa1 Qa8 16. Qd1 Qa2 17. Qc2 b4 18. c4 Nd7 19. Rb1 Ra8 20. Nb3 Na5 21. Nfd2 Nxb3 22. Nxb3 Bc6 23. Nd2 Nb6 24. e5 Bxg2 25. Kxg2 Qa4 26. Qxa4 Rxa4 27. d4 cxd4 28. Bxd4 Nd7 29. Re1 Kf8 30. Nb3 Ra2 31. g5 f6 32. gxf6 exf6 33. exd6 f5 34. Bxg7+ Kxg7 35. Re2 Kf6 36. c5 Ra6 37. Kf3 h6 38. Re7 Nxc5 39. Nxc5 Rxd6 40. Rd7 Rc6 41. Nd3 Rc2 42. Rd6+ Kg7 43. Rb6 Rd2 44. Ke3 Rh2 45. Nf2 1-0

[Event "Tata Steel Qualifier 82nd"]
[Site "Wijk aan Zee"]
[Date "2020.01.19"]
[Round "3"]
[White "Beukema, Stefan"]
[Black "Slingerland, Fred"]
[Result "1-0"]
[WhiteElo "2389"]
[BlackElo "2333"]
[PlyCount "57"]
[EventDate "2020.01.17"]
[EventType "tourn"]
[EventRounds "9"]
[EventCountry "NED"]
[EventCategory "7"]
[SourceTitle "CBM 194"]
[Source "ChessBase"]
[SourceDate "2020.01.27"]
[SourceVersion "1"]
[SourceVersionDate "2020.01.27"]
[SourceQuality "1"]

1. d4 d5 2. Bf4 Nf6 3. e3 c5 4. Nc3 a6 5. dxc5 Nc6 6. a3 e5 7. Bg5 d4 8. exd4 Nxd4 9. Ne4 Bf5 10. Bd3 Be7 11. Bxf6 gxf6 12. c3 Qd5 13. f3 Nc6 14. b4 Be6 15. Qc2 a5 16. Rd1 axb4 17. axb4 Qd7 18. Ne2 f5 19. N4g3 f4 20. Nf5 Rg8 21. 0-0 Ra2 22. Qb1 Qc8 23. Rf2 Qa8 24. Bb5 Qa3 25. Qd3 Qb2 26. Nd6+ Kf8 27. Qxh7 Qb3 28. Rb1 Qd5 29. Bc4 1-0

[Event "Tata Steel Qualifier 82nd"]
[Site "Wijk aan Zee"]
[Date "2020.01.18"]
[Round "2"]
[White "De Boer, Eelke"]
[Black "Beukema, Stefan"]
[Result "1-0"]
[WhiteElo "2324"]
[BlackElo "2389"]
[PlyCount "87"]
[EventDate "2020.01.17"]
[EventType "tourn"]
[EventRounds "9"]
[EventCountry "NED"]
[EventCategory "7"]
[SourceTitle "CBM 194"]
[Source "ChessBase"]
[SourceDate "2020.01.27"]
[SourceVersion "1"]
[SourceVersionDate "2020.01.27"]
[SourceQuality "1"]

1. e4 e5 2. Nf3 Nc6 3. Bb5 a6 4. Ba4 Nf6 5. 0-0 Be7 6. d3 b5 7. Bb3 d6 8. a3 Be6 9. Bxe6 fxe6 10. c3 0-0 11. Re1 Nd7 12. d4 Bf6 13. a4 exd4 14. cxd4 b4 15. Be3 Na5 16. Nbd2 d5 17. e5 Be7 18. Rc1 c5 19. dxc5 Rc8 20. Nd4 Nxc5 21. Rxc5 Bxc5 22. Nxe6 Bxe3 23. Rxe3 d4 24. Rd3 Qd5 25. Nxf8 Kxf8 26. h3 Nc6 27. f4 Qa2 28. Qb3 Qa1+ 29. Kf2 Qc1 30. Nf1 Ke7 31. g3 Rf8 32. Rd2 g5 33. Rc2 Qd1 34. Qc4 gxf4 35. Qc5+ Kf7 36. Qxc6 fxg3+ 37. Kxg3 Kg7 38. Rf2 Qe1 39. Qd7+ Kg8 40. Qxd4 Rxf2 41. Qxf2 Qxe5+ 42. Kg2 Qd5+ 43. Qf3 Qd4 44. Qg4+ 1-0

[Event "Tata Steel Qualifier 82nd"]
[Site "Wijk aan Zee"]
[Date "2020.01.17"]
[Round "1"]
[White "Beukema, Stefan"]
[Black "Suleymanli, Aydin Elshan"]
[Result "1/2-1/2"]
[WhiteElo "2389"]
[BlackElo "2473"]
[PlyCount "87"]
[EventDate "2020.01.17"]
[EventType "tourn"]
[EventRounds "9"]
[EventCountry "NED"]
[EventCategory "7"]
[SourceTitle "CBM 194"]
[Source "ChessBase"]
[SourceDate "2020.01.27"]
[SourceVersion "1"]
[SourceVersionDate "2020.01.27"]
[SourceQuality "1"]

1. f4 d5 2. d3 Nf6 3. Nf3 g6 4. g3 Bg7 5. Bg2 0-0 6. 0-0 c5 7. c3 Nc6 8. Qe1 d4 9. Na3 Nd5 10. Bd2 b6 11. Nc2 Bb7 12. c4 Nc7 13. a3 Qd6 14. b4 Rae8 15. b5 Nb8 16. a4 Nd7 17. a5 Bc8 18. axb6 axb6 19. Ra7 e5 20. f5 Nf6 21. Nh4 Re7 22. h3 Nh5 23. Be4 Nd5 24. Rxe7 Nxe7 25. g4 Nf6 26. Bg2 gxf5 27. gxf5 Kh8 28. Qf2 Rg8 29. Qf3 Bf8 30. Kh1 Qd7 31. Ne1 Ne8 32. f6 Ng6 33. Qh5 Nxh4 34. Qxh4 Nd6 35. Kh2 Nf5 36. Rxf5 Rxg2+ 37. Nxg2 Qxf5 38. Bh6 Bd6 39. Bg7+ Kg8 40. Qg3 Qg6 41. Bh6 Kh8 42. Bg7+ Kg8 43. Bh6 Kh8 44. Bg7+ 1/2-1/2

[Event "EU-chT 22nd"]
[Site "Batumi"]
[Date "2019.10.27"]
[Round "4.19"]
[White "Uruci, Endrit"]
[Black "Beukema, Stefan"]
[Result "1-0"]
[WhiteElo "2237"]
[BlackElo "2380"]
[PlyCount "59"]
[EventDate "2019.10.24"]
[EventType "team-swiss"]
[EventRounds "9"]
[EventCountry "GEO"]
[SourceTitle "CBM 193"]
[Source "ChessBase"]
[SourceDate "2019.12.31"]
[SourceVersion "1"]
[SourceVersionDate "2019.12.31"]
[SourceQuality "1"]
[WhiteTeam "Kosovo"]
[BlackTeam "Belgium"]
[WhiteTeamCountry "KOS"]
[BlackTeamCountry "BEL"]

1. e4 e5 2. Nf3 Nc6 3. d4 exd4 4. Bc4 Bc5 5. c3 Nf6 6. e5 d5 7. Bb5 Ne4 8. cxd4 Bb6 9. Nc3 0-0 10. Be3 Bg4 11. Bxc6 bxc6 12. h3 Bh5 13. 0-0 f5 14. Ne2 g5 15. Ng3 Bg6 16. Nxe4 dxe4 17. Bxg5 Qd5 18. Nh4 Bxd4 19. e6 Rfb8 20. Rb1 Rxb2 21. Rxb2 Bxb2 22. Qb1 Bd4 23. Qb7 Re8 24. e7 Bb6 25. Nxg6 hxg6 26. Rc1 Qxa2 27. Qxc6 Qf7 28. Rd1 e3 29. Rd8 Kh7 30. Rxe8 1-0

[Event "Maastricht Limburg op 13th"]
[Site "Maastricht"]
[Date "2019.06.08"]
[Round "2"]
[White "Nasuta, Grzegorz"]
[Black "Beukema, Stefan"]
[Result "1-0"]
[WhiteElo "2518"]
[BlackElo "2409"]
[PlyCount "67"]
[EventDate "2019.06.07"]
[EventType "swiss"]
[EventRounds "7"]
[EventCountry "NED"]
[SourceTitle "CBM 190 Extra"]
[Source "ChessBase"]
[SourceDate "2019.07.15"]
[SourceVersion "1"]
[SourceVersionDate "2019.07.15"]
[SourceQuality "1"]

1. e4 e5 2. Nf3 Nc6 3. Bb5 a6 4. Ba4 Nf6 5. 0-0 Be7 6. Re1 b5 7. Bb3 d6 8. c3 0-0 9. h3 Na5 10. Bc2 c5 11. d4 Qc7 12. Nbd2 cxd4 13. cxd4 Nc6 14. Nb3 a5 15. Be3 a4 16. Nbd2 Bd7 17. Rc1 Qb7 18. Nf1 Rfe8 19. Ng3 h6 20. Qd2 Bf8 21. d5 Na5 22. b3 b4 23. Rb1 Rec8 24. Rec1 axb3 25. axb3 Ne8 26. Ne1 Nc7 27. Ra1 Qb5 28. Ra2 Nb7 29. Bd3 Rxa2 30. Bxb5 Rxd2 31. Bxd7 Rd8 32. Rxc7 Rd1 33. Rxb7 Rxe1+ 34. Kh2 1-0

[Event "BEL-chT 1819"]
[Site "Belgium"]
[Date "2019.03.17"]
[Round "9.1"]
[White "Ikonnikov, Vyacheslav"]
[Black "Beukema, Stefan"]
[Result "1/2-1/2"]
[WhiteElo "2551"]
[BlackElo "2396"]
[PlyCount "40"]
[EventDate "2018.09.30"]
[EventType "team-tourn"]
[EventRounds "11"]
[EventCountry "BEL"]
[SourceTitle "CBM 189 Extra"]
[Source "ChessBase"]
[SourceDate "2019.06.03"]
[SourceVersion "1"]
[SourceVersionDate "2019.06.03"]
[SourceQuality "1"]
[WhiteTeam "Jean Jaures"]
[BlackTeam "Brasschaat"]
[WhiteTeamCountry "BEL"]
[BlackTeamCountry "BEL"]

1. d4 d5 2. c4 e6 3. Nf3 Nf6 4. Nc3 Be7 5. Bg5 0-0 6. e3 h6 7. Bh4 b6 8. Rc1 Bb7 9. Bxf6 Bxf6 10. cxd5 exd5 11. Bd3 c5 12. 0-0 c4 13. Bb1 Nc6 14. e4 dxe4 15. Nxe4 g6 16. d5 Ne5 17. Nxf6+ Qxf6 18. Nxe5 Qxe5 19. Rxc4 Rad8 20. Rd4 Rxd5 1/2-1/2

[Event "BEL-chT 1819"]
[Site "Belgium"]
[Date "2019.02.10"]
[Round "7.1"]
[White "Leenhouts, Koen"]
[Black "Beukema, Stefan"]
[Result "1/2-1/2"]
[WhiteElo "2457"]
[BlackElo "2396"]
[PlyCount "31"]
[EventDate "2018.09.30"]
[EventType "team-tourn"]
[EventRounds "11"]
[EventCountry "BEL"]
[SourceTitle "CBM 189 Extra"]
[Source "ChessBase"]
[SourceDate "2019.06.03"]
[SourceVersion "1"]
[SourceVersionDate "2019.06.03"]
[SourceQuality "1"]
[WhiteTeam "KBSK Brugge"]
[BlackTeam "Brasschaat"]
[WhiteTeamCountry "BEL"]
[BlackTeamCountry "BEL"]

1. d4 f5 2. e4 fxe4 3. Nc3 Nf6 4. Bg5 Nc6 5. d5 Ne5 6. Qe2 Nf7 7. f4 c6 8. Bxf6 gxf6 9. 0-0-0 cxd5 10. Rxd5 b6 11. Nxe4 e6 12. Qe3 Bh6 13. Rh5 d5 14. Nd2 e5 15. Bb5+ Kf8 16. Ne2 1/2-1/2

[Event "BEL-chT 1819"]
[Site "Belgium"]
[Date "2019.02.03"]
[Round "6.1"]
[White "Beukema, Stefan"]
[Black "Cornette, Matthieu"]
[Result "1/2-1/2"]
[WhiteElo "2396"]
[BlackElo "2584"]
[PlyCount "52"]
[EventDate "2018.09.30"]
[EventType "team-tourn"]
[EventRounds "11"]
[EventCountry "BEL"]
[SourceTitle "CBM 189 Extra"]
[Source "ChessBase"]
[SourceDate "2019.06.03"]
[SourceVersion "1"]
[SourceVersionDate "2019.06.03"]
[SourceQuality "1"]
[WhiteTeam "Brasschaat"]
[BlackTeam "Echiquier Mosan"]
[WhiteTeamCountry "BEL"]
[BlackTeamCountry "BEL"]

1. e4 d6 2. d4 Nf6 3. Nc3 e5 4. Nf3 Nbd7 5. Bc4 Be7 6. a4 0-0 7. 0-0 exd4 8. Nxd4 Ne5 9. Ba2 Nc6 10. h3 Nb4 11. Bb3 c5 12. Ndb5 a6 13. Na3 b6 14. Re1 Bb7 15. Bf4 Re8 16. Qf3 Nc6 17. Rad1 Nd4 18. Qd3 Bf8 19. Bc4 Qd7 20. b3 h6 21. Nd5 Nxd5 22. Bxd5 Bxd5 23. exd5 g5 24. Bh2 Rxe1+ 25. Rxe1 Re8 26. Re3 b5 1/2-1/2

[Event "Tata Steel TOP 81st"]
[Site "Wijk aan Zee"]
[Date "2019.01.26"]
[Round "8"]
[White "Beukema, Stefan"]
[Black "Vrolijk, Liam"]
[Result "0-1"]
[WhiteElo "2414"]
[BlackElo "2433"]
[PlyCount "108"]
[EventDate "2019.01.18"]
[EventType "tourn"]
[EventRounds "9"]
[EventCountry "NED"]
[EventCategory "7"]
[SourceTitle "CBM 188 Extra"]
[Source "ChessBase"]
[SourceDate "2019.02.26"]
[SourceVersion "1"]
[SourceVersionDate "2019.02.26"]
[SourceQuality "1"]

1. e4 c5 2. Nf3 Nc6 3. d4 cxd4 4. Nxd4 Nf6 5. Nc3 e5 6. Ndb5 d6 7. Bg5 a6 8. Na3 b5 9. Nd5 Be7 10. Bxf6 Bxf6 11. c4 b4 12. Nc2 0-0 13. Be2 a5 14. 0-0 Bg5 15. Bf3 Be6 16. Qd3 Qb8 17. b3 Bd8 18. a3 bxa3 19. Rxa3 Bb6 20. b4 Bxd5 21. Qxd5 axb4 22. Rxa8 Qxa8 23. Ra1 Qc8 24. Qb5 Bc5 25. h3 Na7 26. Qa4 Nc6 27. Qb5 Nd4 28. Nxd4 Bxd4 29. Ra6 Bc5 30. Bd1 Qd8 31. Qc6 Qh4 32. Ra2 g6 33. Bb3 Kg7 34. Bd1 Qf4 35. Qd5 Bd4 36. Bb3 Qc1+ 37. Kh2 Qc3 38. c5 Qxc5 39. Ra6 Qxd5 40. Bxd5 Rb8 41. Ra8 Rxa8 42. Bxa8 b3 43. Bd5 b2 44. Ba2 Bxf2 45. g4 Kf6 46. Kg2 Bc5 47. Kf3 Kg5 48. Kg3 h5 49. Bb1 hxg4 50. hxg4 d5 51. exd5 f5 52. gxf5 gxf5 53. Kf3 e4+ 54. Ke2 Kf6 0-1